AA Battery Quiz Stats

 Plays Quiz Updated Jan 7, 2019

Support Sporcle.
Go Orange.
Score 0/26 Timer 06:00
0 Plays Today
Clue AA Word % Correct
Long snouted ant-eating mammalAardvark
67.6%
US national collegiate athletic governing bodyNCAA
64.2%
Lion King warthogPumbaa
60.2%
First player to break Babe Ruth's career home run recordHank Aaron
58.5%
US Civil Rights organization founded in 1909NAACP
56.1%
Designer Mizrahi or the son of AbrahamIsaac
53.4%
Make of car owned by Jerry on 'Seinfeld'Saab
51.6%
Author of Winnie the PoohA.A. Milne
44.6%
Marketplace or rummage saleBazaar
44%
One of Mowgli's Jungle Book movie enemiesKaa
43.2%
Singer featured in 'Romeo Must Die', killed in 2001 plane crashAaliyah
39.1%
Old Testament false idolBaal
32.3%
One of 11 official languages of South AfricaAfrikaans
28.9%
Clue AA Word % Correct
Premium ice cream brandHäagen-Dazs
26.7%
Biblical name for Palestine, there's a new one in New EnglandCanaan
26.5%
Popular file sharing site founded in 2001Kazaa
25.9%
Organization with the top circulated magazine in the USAARP
25.8%
Saddam Hussein's political PartyBa'ath Party
21.9%
Brand of antacidMaalox
16.1%
1977 Robert Conrad TV show (original title), or the nursery rhyme it was named afterBaa Baa Black Sheep
13.5%
The largest city in TanzaniaDar es Salaam
11.8%
German state bordering FranceSaarland
9.1%
Wallace and Gromit studioAardman
9%
Former Boer republic which became a South African stateTransvaal
8.1%
Name of 7 kings of NorwayHaakon
5.1%
'Grandfather' or 'Godfather' of Hip HopAfrika Bambaataa
3.2%

From the Vault

TIME Person of the Year Match-Up

by Hullabaloo

History 5m
Which lucky men or women got an extra day with a leap year?
Remove Ads.
Support Sporcle.
Get the best of Sporcle when you Go Orange. This ad-free experience offers more features, more stats, and more fun while also helping to support Sporcle. Thank you for becoming a member.

Show Comments

Extras

Top Quizzes Today


Score Distribution

Your Account Isn't Verified!

In order to create a playlist on Sporcle, you need to verify the email address you used during registration. Go to your Sporcle Settings to finish the process.

Report this User

Report this user for behavior that violates our Community Guidelines.

Details: